Desarrollo psicológico del niño

Furkejuvvon:
Bibliográfalaš dieđut
Váldodahkki: Hurlock, Elizabeth B (Dahkki)
Materiálatiipa: Girji
Giella:espánnjágiella
Almmustuhtton: Ciudad de México McGraw-Hill 1978
Preanttus:4a. ed
Fáttát:
Fáddágilkorat: Lasit fáddágilkoriid
Eai fáddágilkorat, Lasit vuosttaš fáddágilkora!

MARC

LEADER 00000nam a2200000 a 4500
001 UCY3783
003 CL-VaPUC
008 950118e19780000MX |||||||||||||||||spa|d
082 0 4 |a 155.4  |b HUR  |2 21 
100 |a Hurlock, Elizabeth B  |e author  |9 530926 
245 1 0 |a Desarrollo psicológico del niño 
250 |a 4a. ed 
300 |a 824 p 
942 |c BK 
945 |d 19950118 00:00:00  |a rbrito 
260 |a Ciudad de México  |b McGraw-Hill  |c 1978 
650 0 |a Psicología del niño  |9 307305 
650 0 |a Psicología evolutiva   |9 271069 
583 |a last modification  |c 20130106 11:32:23  |k Rodrigo Vera 
999 |c 231833  |d 231831 
952 |0 0  |1 0  |4 0  |6 155_400000000000000_HUR_1978  |7 0  |8 P  |9 235575  |a BIBEDU  |b BIBEDU  |c BIBEDU_PB  |d 2019-11-15  |i 3053873  |o 155.4 HUR 1978  |p 3053873  |r 2024-01-25  |w 2019-11-15  |y BK  |k EDU 
952 |0 0  |1 0  |4 0  |6 155_400000000000000_HUR_1978  |7 0  |8 P  |9 235576  |a BIBEDU  |b BIBEDU  |c BIBEDU_PB  |d 2019-11-15  |i 3053792  |o 155.4 HUR 1978  |p 3053792  |r 2024-01-25  |w 2019-11-15  |y BK  |k EDU 
952 |0 0  |1 0  |4 0  |6 155_400000000000000_HUR_1978  |7 0  |8 P  |9 235577  |a BIBEDU  |b BIBEDU  |c BIBEDU_PB  |d 2019-11-15  |i 3053806  |o 155.4 HUR 1978  |p 3053806  |r 2024-01-25  |w 2019-11-15  |y BK  |k EDU 
952 |0 0  |1 0  |4 0  |6 155_400000000000000_HUR_1978  |7 0  |8 P  |9 235578  |a BIBEDU  |b BIBEDU  |c BIBEDU_PB  |d 2019-11-15  |i 3053911  |o 155.4 HUR 1978  |p 3053911  |r 2024-01-25  |w 2019-11-15  |y BK  |k EDU 
952 |0 0  |1 0  |4 0  |6 155_400000000000000_HUR_1978  |7 0  |8 A  |9 235579  |a BIBGIM  |b BIBGIM  |d 2019-11-15  |i 3363740  |l 1  |o 155.4 HUR 1978  |p 3363740  |r 2025-01-15  |s 2023-05-29  |w 2019-11-15  |y BK  |k SSL